[Event "Wch Seniors 50 29th"]
[Site "Bucharest"]
[Date "2019.11.16"]
[Round "5"]
[White "Lagunov, Evgenij"]
[Black "Smith, Peter R"]
[Result "1/2-1/2"]
[WhiteElo "2240"]
[BlackElo "2044"]
[PlyCount "70"]
[EventDate "2019.11.12"]
[EventType "swiss"]
[EventRounds "11"]
[EventCountry "ROU"]
[SourceTitle "CBM 193 Extra"]
[Source "ChessBase"]
[SourceDate "2020.01.31"]
[SourceVersion "1"]
[SourceVersionDate "2020.01.31"]
[SourceQuality "1"]

1. e4 e6 2. Nc3 b6 3. d4 Bb7 4. f4 Nf6 5. e5 Ne4 6. Nxe4 Bxe4 7. Nf3 d5 8. exd6 cxd6 9. Bb5+ Nd7 10. Qe2 Bxf3 11. Qxf3 Be7 12. Qb7 Rc8 13. Qxa7 Rxc2 14. 0-0 Rc7 15. Qxb6 0-0 16. Qa6 Nf6 17. Bd2 Qb8 18. Rfc1 Nd5 19. Qa4 Rb7 20. Bc6 Rxb2 21. Rd1 Nf6 22. Bc3 Rb6 23. d5 Rc8 24. Bd4 Rb4 25. Qa3 exd5 26. Ba7 Qc7 27. Be3 Rc4 28. Bxd5 Nxd5 29. Rxd5 Qc6 30. Rd3 Rc2 31. Rd2 Rxd2 32. Bxd2 Bf6 33. Rd1 Bd4+ 34. Be3 Bxe3+ 35. Qxe3 Qc5 1/2-1/2

[Event "Wch Seniors 50 29th"]
[Site "Bucharest"]
[Date "2019.11.12"]
[Round "1"]
[White "Movsziszian, Karen"]
[Black "Smith, Peter R"]
[Result "1-0"]
[WhiteElo "2470"]
[BlackElo "2044"]
[PlyCount "67"]
[EventDate "2019.11.12"]
[EventType "swiss"]
[EventRounds "11"]
[EventCountry "ROU"]
[SourceTitle "CBM 193 Extra"]
[Source "ChessBase"]
[SourceDate "2020.01.31"]
[SourceVersion "1"]
[SourceVersionDate "2020.01.31"]
[SourceQuality "1"]

1. g3 g6 2. Bg2 Bg7 3. d3 d6 4. f4 e5 5. Nc3 Ne7 6. Nf3 0-0 7. 0-0 Nbc6 8. e4 Nd4 9. Nxd4 exd4 10. Ne2 f5 11. c3 dxc3 12. bxc3 c5 13. Qb3+ Kh8 14. Be3 Qc7 15. Rad1 Bd7 16. Rfe1 Bc6 17. c4 Rfe8 18. Nc3 a6 19. d4 fxe4 20. dxc5 dxc5 21. Bxc5 Nf5 22. Bb6 Qf7 23. Nxe4 Bxe4 24. Bxe4 Rac8 25. Bf2 h5 26. Bd5 Rxe1+ 27. Rxe1 Qc7 28. Qd3 Rd8 29. Re6 Qf7 30. Rb6 Qe8 31. Rxb7 Qa4 32. h3 Nd6 33. Rc7 Qa5 34. Qxg6 1-0

[Event "WchT Seniors 50"]
[Site "Rhodes"]
[Date "2019.04.16"]
[Round "1.1"]
[White "Ehlvest, Jaan"]
[Black "Smith, Peter R"]
[Result "1-0"]
[WhiteElo "2521"]
[BlackElo "2038"]
[PlyCount "59"]
[EventDate "2019.04.16"]
[EventType "team-swiss"]
[EventRounds "9"]
[EventCountry "GRE"]
[SourceTitle "CBM 190 Extra"]
[Source "ChessBase"]
[SourceDate "2019.07.15"]
[SourceVersion "1"]
[SourceVersionDate "2019.07.15"]
[SourceQuality "1"]
[WhiteTeam "United States"]
[BlackTeam "Scotland"]
[WhiteTeamCountry "USA"]
[BlackTeamCountry "SCO"]

1. e4 d5 2. exd5 Qxd5 3. Nc3 Qd8 4. Bc4 Bf5 5. Qf3 e6 6. Qxb7 Nd7 7. Bb3 Rb8 8. Qf3 Ngf6 9. Nge2 c5 10. d3 Bd6 11. Ng3 Bg6 12. Nge4 Nxe4 13. Nxe4 Bxe4 14. Qxe4 0-0 15. c3 Qc7 16. h3 a5 17. 0-0 Nb6 18. Re1 Rfd8 19. Re2 Nd5 20. g3 Bxg3 21. fxg3 Qxg3+ 22. Qg2 Nf4 23. Bxf4 Qxf4 24. Rf1 Qd6 25. Bc4 Rd7 26. Qh2 Qb6 27. Rxe6 Qd8 28. Re5 Rb6 29. Qe2 Rg6+ 30. Kh1 1-0

[Event "Bled Planinc Memorial 1st"]
[Site "Bled"]
[Date "2018.11.24"]
[Round "2"]
[White "Findlay, Ian T"]
[Black "Smith, Peter R"]
[Result "1-0"]
[WhiteElo "2255"]
[BlackElo "2049"]
[PlyCount "67"]
[EventDate "2018.11.24"]
[EventType "swiss (blitz)"]
[EventRounds "9"]
[EventCountry "SLO"]
[SourceTitle "CBM 187 Extra"]
[Source "ChessBase"]
[SourceDate "2018.11.04"]
[SourceVersion "1"]
[SourceVersionDate "2018.11.04"]
[SourceQuality "1"]

1. e4 c6 2. d4 g6 3. Nc3 Bg7 4. Bc4 b5 5. Bb3 d6 6. Qf3 e6 7. Nge2 Nf6 8. Bg5 Nbd7 9. e5 dxe5 10. Qxc6 exd4 11. Qxa8 dxc3 12. Nxc3 0-0 13. Qxa7 h6 14. Bh4 g5 15. Bg3 Nh5 16. Nxb5 Bxb2 17. Rd1 Qf6 18. 0-0 Nf4 19. Bxf4 gxf4 20. c3 f3 21. g3 Bxc3 22. Nxc3 Qf5 23. Qe3 Ne5 24. Qxh6 Ng4 25. Qh4 Kg7 26. Rd4 Ne5 27. Rf4 Qg6 28. g4 Rh8 29. Qg3 Bb7 30. Rd1 Rh6 31. h3 Qh7 32. Kh2 Rh4 33. Rb4 Ba8 34. Qxe5+ 1-0

[Event "SCO-ch 124th"]
[Site "Dundee"]
[Date "2017.07.19"]
[Round "5"]
[White "Smith, Peter R"]
[Black "Dawson, Euan"]
[Result "1/2-1/2"]
[WhiteElo "2062"]
[BlackElo "1784"]
[PlyCount "98"]
[EventDate "2017.07.15"]
[EventType "swiss"]
[EventRounds "9"]
[EventCountry "SCO"]
[SourceTitle "CBM 179 Extra"]
[Source "ChessBase"]
[SourceDate "2017.08.23"]
[SourceVersion "1"]
[SourceVersionDate "2017.08.23"]
[SourceQuality "1"]

1. Nf3 d5 2. b3 Nf6 3. Bb2 c5 4. e3 Nbd7 5. Be2 e6 6. 0-0 Bd6 7. d3 0-0 8. Nbd2 b6 9. c4 Bb7 10. Rc1 Rc8 11. Qc2 Qe7 12. Qb1 e5 13. e4 dxe4 14. dxe4 Nh5 15. g3 g6 16. Rce1 Rcd8 17. Nh4 Nf4 18. Bf3 Ne6 19. Bg2 Nf6 20. Qc1 Nd4 21. Bxd4 cxd4 22. Nb1 Bb4 23. Nd2 Nd7 24. Re2 Rc8 25. Nb1 a6 26. a3 Bd6 27. a4 f6 28. Bh3 Rcd8 29. Bxd7 Rxd7 30. Qh6 Qg7 31. Qxg7+ Kxg7 32. f4 Bc8 33. fxe5 fxe5 34. Rxf8 Kxf8 35. Nf3 Rf7 36. Ng5 Re7 37. Nd2 h6 38. Ngf3 Bh3 39. Rf2 Rf7 40. Ne1 Bg4 41. Rxf7+ Kxf7 42. Nef3 Ke7 43. Kg2 Be6 44. Ne1 Bg4 45. Ndf3 Kf6 46. Nd3 a5 47. h3 Bd7 48. g4 Bc6 49. Nd2 Bb7 1/2-1/2